00679 2200229 4500001002100000005001700021008004100038020001800079035002500097082001200122090002100134100002000155245008900175260003100264300003100295650003600326700002100362850001200383990001800395990001800413990001800431YOGYA-0209000004037420150424094707.0 ind  a979-3806-81-8 a0010-020900000040374 a297.122 aK 297.122bDia T aDIANAWATI, Ajen aTerjemah Juz amma untuk anakcpenyusun, Ajen Dianawati; penyunting, Murodh N. Ikhsan aJakartabWahyu Mediac2004 a24 hlm. :bilus. ;c25 cm. aAl Qur an - Juz amma - Terjemah aIkhsan, Murodh N aYOPDYOG a29659-PD/B.07 a29660-PD/B.07 a29661-PD/B.07